Statistics for World Capitals Closest to the Mediterranean Sea - One Minute Sprint

Click here to take the quiz!

General Stats

  • This quiz has been taken 45 times
  • The average score is 13 of 20

Answer Stats

kmcapitalmiles% Correct
0Rome0
97%
0Athens0
95%
0Algiers0
81%
21Tirana13
81%
0Tunis0
81%
48Jerusalem30
78%
0Tripoli0
78%
22Vatican City14
76%
0Beirut0
70%
0Monaco0
68%
15Nicosia9
65%
109Zagreb68
65%
0Valletta0
62%
33Podgorica21
59%
66Ljubljana41
57%
18San Marino11
57%
78Damascus48
54%
111Sarajevo69
49%
100Amman62
41%
125Andorra la Vella78
16%

Score Distribution

Percentile by Number Answered

Percent of People with Each Score

Your Score History

You have not taken this quiz